000 01989nam a2200277Ia 4500
003 PE SENCICO BE
005 20260218172445.0
008 200515s9999 xx 000 0 und d
020 _a978-950-892-385-1
040 _aPE SENCICO BE
_cPE SENCICO BE
041 _aspa
082 _a910.285
_bB98A
100 1 _aBuzai, Gustavo D.
_969
_eautor
245 1 0 _aAnálisis socioespacial con sistemas de información geográfica /
_cGustavo D. Buzai, Claudia A. Baxendale
250 _a1a ed.
260 _aBuenos Aires :
_bLugar editorial,
_c2011
300 _atomos :
_bilustraciones, tablas ;
_c22 cm.
504 _aBibliografía al final de cada capítulo
505 0 _aTomo 1: Perspectiva científica temáticas de base raster: Marco teórico-metodológico – Marco metodológico-técnico – Bases de datos y software aplicado al análisis socioespacial con sig raster – Análisis por generalización y discriminación de clases temáticas-reclasificación – Análisis por superposición temática y aplicación del modelado cartográfico Análisis de evaluación multicriterio en la búsqueda de sitios de aptitud locacional – Análisis de evaluación multicriterios en la determinación de zonas de potencial conflicto locacional – Análisis de localización-asignación – Análisis por cálculo de índices y métricas paisajísticas – Análisis fractal y de autómatas celulares – Síntesis relacional. Hacia una geografía aplicada basada en el uso de sistemas de información geográfica
520 3 _aEl plan de la obra contempla un marco teórico sustentado en la teoría de la geografía, un marco metodológico donde se presentan definiciones procedimentales y un marco aplicativo basado en la planificación territorial
650 2 0 _aSistemas de Información Geográfica (SIG)
_9247
650 2 0 _aInfraestructura de datos espaciales
_9256
650 2 0 _aAnálisis geotécnico
_9254
700 1 _aBaxendale, Claudia A.
_970
_eautor
942 _cLIB
_2ddc
999 _c539
_d539